000 00935cam a2200217 4500
001 ABS65653
008 020625n2002 000 0 eng u
035 _a(Sirsi) u118527
100 _aRichards, M.
245 _aWhere the money is
260 _c2002
490 _aHousing Today
_v(286) 30 May 2002, 32-5(4)
520 _aAnalyses the results of Inbucon's housing sector salary survey which shows that the location and size of a housing association greatly affects the wages it pays to its staff. "The Housing Association salaries and benefits survey 2001/2002" is available from Terrie Hughes at Inbucon, +44 (0)20 8334 5727 e [email protected] Price £160 to participants or £300 to non-partcipants.
590 _aABS
650 _aSALARY SURVEYS
650 _aLEAGUE TABLES
650 _aHOUSING ASSOCIATIONS
650 _aSALARIES
690 _aMANAGEMENT-BUSINESS MANAGEMENT-PROFESSIONAL PRACTICE
942 _n0
999 _c70573
_d70573